[Event "GER-ch U10"]
[Site "Willingen"]
[Date "2021.08.28"]
[Round "9"]
[White "Xu, Wanghan"]
[Black "Lange, Friedrich"]
[Result "1-0"]
[WhiteElo "1289"]
[BlackElo "861"]
[PlyCount "67"]
[EventDate "2021.08.22"]
[EventType "swiss"]
[EventRounds "11"]
[EventCountry "GER"]
[SourceTitle "EXT 2022"]
[Source "ChessBase"]
[SourceDate "2021.10.06"]
[SourceVersion "1"]
[SourceVersionDate "2021.10.06"]
[SourceQuality "1"]

1. e4 c5 2. Nf3 Nc6 3. g3 g6 4. Bg2 Nf6 5. d3 Bg7 6. 0-0 0-0 7. c3 d6 8. Be3 Bd7 9. Re1 Qc8 10. Qc2 Rb8 11. d4 b6 12. Nbd2 Qa6 13. Bf1 Qa5 14. Nc4 Qa6 15. Nxd6 Qa5 16. Nc4 Qa6 17. dxc5 bxc5 18. Bxc5 Qb5 19. Ba3 Qh5 20. Bg2 Bg4 21. Nh4 Rfd8 22. h3 Be6 23. Ne3 g5 24. Nhf5 Bxf5 25. Nxf5 Rb7 26. Qe2 Qxe2 27. Rxe2 Rbd7 28. e5 Nh5 29. Nxg7 Nxg7 30. Bxc6 Rd1+ 31. Rxd1 Rxd1+ 32. Kg2 h5 33. Bxe7 f5 34. Bxg5 1-0

[Event "GER-ch U10"]
[Site "Willingen"]
[Date "2021.08.24"]
[Round "3"]
[White "Lange, Friedrich"]
[Black "Burban, Victor"]
[Result "0-1"]
[WhiteElo "861"]
[BlackElo "1215"]
[PlyCount "84"]
[EventDate "2021.08.22"]
[EventType "swiss"]
[EventRounds "11"]
[EventCountry "GER"]
[SourceTitle "EXT 2022"]
[Source "ChessBase"]
[SourceDate "2021.10.06"]
[SourceVersion "1"]
[SourceVersionDate "2021.10.06"]
[SourceQuality "1"]

1. c4 Nf6 2. Nc3 g6 3. g3 Bg7 4. Bg2 0-0 5. e4 d6 6. d3 e5 7. Bg5 h6 8. Bxf6 Bxf6 9. Nd5 Bg7 10. Ne2 Be6 11. f4 Bxd5 12. exd5 Nd7 13. fxe5 Nxe5 14. 0-0 Rb8 15. Rb1 Ng4 16. Qd2 Re8 17. Rfe1 Ne3 18. Nf4 Bd4 19. Kh1 Nxg2 20. Qxg2 Bg7 21. Rxe8+ Qxe8 22. h4 Qe7 23. b3 Be5 24. Re1 Qd8 25. Nh3 Qd7 26. g4 c6 27. g5 h5 28. dxc6 Qxc6 29. Qxc6 bxc6 30. Rd1 c5 31. Nf2 Rd8 32. Re1 Bg3 33. Re2 Bxh4 34. Ne4 Kg7 35. Kh2 f6 36. gxf6+ Bxf6 37. Nxf6 Kxf6 38. Rf2+ Kg7 39. Kh3 Re8 40. Rf3 Re5 41. Kh4 a6 42. Rf4 g5+ 0-1